Американський стиль абсурдизму (на прикладі творчості Едварда Олбі) (Запис № 283444)

МАРК-запис
000 -LEADER
fixed length control field 01150nam a22001577a 4500
041 ## - LANGUAGE CODE
Language code of text/sound track or separate title ukr
080 ## - UNIVERSAL DECIMAL CLASSIFICATION NUMBER
Universal Decimal Classification number 09
090 ## - LOCALLY ASSIGNED LC-TYPE CALL NUMBER (OCLC); LOCAL CALL NUMBER (OCLC)
Local cutter number (OCLC) ; Book number/undivided call number, CALL (RLIN) КАЛ
100 ## - MAIN ENTRY--PERSONAL NAME
Personal name Каленюк О. В.
245 ## - TITLE STATEMENT
Title Американський стиль абсурдизму (на прикладі творчості Едварда Олбі)
260 ## - PUBLICATION, DISTRIBUTION, ETC. (IMPRINT)
Place of publication, distribution, etc Острог
Name of publisher, distributor, etc КАФ
Date of publication, distribution, etc 2006
300 ## - PHYSICAL DESCRIPTION
Extent 53
520 ## - SUMMARY, ETC.
Summary, etc Вступ.<br/>Розділ 1. Абсурдизм як літературний напрям середини ХХ століття.<br/>1.1. Передумови виникнення та та розвиток стилю абсурдизму в Європі.<br/>1.2. Особловості американського стилю абсурдизму.<br/>Розділ 2. Едвард Олбі основоположник американського стилю абсурдизму.<br/>2.1. "Історія в зоопарку" перший твір абсурдизму.<br/>2.2. Структурний аналіз драми "Хто боїться "Вірджинії Вульф?".<br/>Висновки.
-- літературознавсто
650 ## - SUBJECT ADDED ENTRY--TOPICAL TERM
Topical term or geographic name as entry element Research Papers
942 ## - ADDED ENTRY ELEMENTS (KOHA)
Koha item type Книги
Фонди
Withdrawn status Lost status Source of classification or shelving scheme Damaged status Not for loan Home library Current library Date acquired Source of acquisition Coded location qualifier Cost, normal purchase price Total Checkouts Full call number Barcode Date last seen Price effective from Koha item type
    Universal Decimal Classification     ВІЛ - Відділ іноземн. літератури НБ ВІЛ - Відділ іноземн. літератури НБ 29/01/2019 Ретроспекція В13 1.00   09 212248 20/12/2021 29/01/2019 Книги